Entry Personal Name
Number of records used in: 1
001 - CONTROL NUMBER
003 - CONTROL NUMBER IDENTIFIER
005 - DATE AND TIME OF LATEST TRANSACTION
- control field:
20231222105853.0
008 - FIXED-LENGTH DATA ELEMENTS
- fixed length control field:
790514n| azannaabn |b aaa
010 ## - LIBRARY OF CONGRESS CONTROL NUMBER
- LC control number:
n 79043851
035 ## - SYSTEM CONTROL NUMBER
- System control number:
(OCoLC)oca00277269
040 ## - CATALOGING SOURCE
- Original cataloging agency:
DLC
- Language of cataloging:
eng
- Description conventions:
rda
- Transcribing agency:
DLC
- Modifying agency:
DLC
- Modifying agency:
ICU
- Modifying agency:
DLC-R
- Modifying agency:
DLC
- Modifying agency:
NjP
- Modifying agency:
DLC
- Modifying agency:
DLC-R
- Modifying agency:
GU
- Modifying agency:
OCoLC
- Modifying agency:
DLC-R
- Modifying agency:
DLC-R
- Modifying agency:
OCoLC
- Modifying agency:
WU
- Modifying agency:
ICU
- Modifying agency:
InU
- Modifying agency:
DLC
- Modifying agency:
WaU
046 ## - SPECIAL CODED DATES
- Birth date:
1622
- Death date:
1673
- Source of date scheme:
edtf
053 #0 - LC CLASSIFICATION NUMBER
- Classification number element--single number or beginning number of span:
PQ1821
- Classification number element--ending number of span:
PQ1871
100 1# - HEADING--PERSONAL NAME
- Personal name:
Molière,
- Dates associated with a name:
1622-1673
368 ## - OTHER ATTRIBUTES OF PERSON OR CORPORATE BODY
- Other designation:
French
- Source:
lcdgt
370 ## - ASSOCIATED PLACE
- Associated country:
France
- Source of term:
naf
372 ## - FIELD OF ACTIVITY
- Field of activity:
Drama
- Source of term:
lcgft
374 ## - OCCUPATION
- Occupation:
Playwrights
- Source of term:
lcdgt
374 ## - OCCUPATION
- Occupation:
Dramatists
- Source of term:
lcsh
377 ## - ASSOCIATED LANGUAGE
400 1# - SEE FROM TRACING--PERSONAL NAME
- Personal name:
Molière, J.-B. P. de
- Fuller form of name:
(Jean-Baptiste Poquelin),
- Dates associated with a name:
1622-1673
400 1# - SEE FROM TRACING--PERSONAL NAME
- Personal name:
Poquelin de Molière, Jean Baptiste,
- Dates associated with a name:
1622-1673
400 1# - SEE FROM TRACING--PERSONAL NAME
- Personal name:
Molʹer, Zhan-Batist,
- Dates associated with a name:
1622-1673
400 1# - SEE FROM TRACING--PERSONAL NAME
- Personal name:
Mo-li-ai,
- Dates associated with a name:
1622-1673
400 1# - SEE FROM TRACING--PERSONAL NAME
- Personal name:
Moliai,
- Dates associated with a name:
1622-1673
400 1# - SEE FROM TRACING--PERSONAL NAME
- Personal name:
Molyér,
- Dates associated with a name:
1622-1673
400 1# - SEE FROM TRACING--PERSONAL NAME
- Control subfield:
nna
- Personal name:
Molière, Jean Baptiste Poquelin,
- Dates associated with a name:
1622-1673
400 1# - SEE FROM TRACING--PERSONAL NAME
- Personal name:
Moliere, I. B. P. de,
- Dates associated with a name:
1622-1673
400 1# - SEE FROM TRACING--PERSONAL NAME
- Personal name:
Molʹer, Zh.-B.
- Fuller form of name:
(Zhan-Batist),
- Dates associated with a name:
1622-1673
400 1# - SEE FROM TRACING--PERSONAL NAME
- Personal name:
Molieros,
- Dates associated with a name:
1622-1673
400 1# - SEE FROM TRACING--PERSONAL NAME
- Personal name:
Moliyer,
- Dates associated with a name:
1622-1673
400 1# - SEE FROM TRACING--PERSONAL NAME
- Personal name:
Molʹer,
- Titles and other words associated with a name:
gospodin de,
- Dates associated with a name:
1622-1673
400 1# - SEE FROM TRACING--PERSONAL NAME
- Personal name:
Molʹer,
- Dates associated with a name:
1622-1673
400 1# - SEE FROM TRACING--PERSONAL NAME
- Personal name:
Mollierŭ,
- Dates associated with a name:
1622-1673
400 1# - SEE FROM TRACING--PERSONAL NAME
- Personal name:
Molyer, Zshan Poḳlen,
- Dates associated with a name:
1622-1673
400 1# - SEE FROM TRACING--PERSONAL NAME
- Personal name:
Мольер,
- Dates associated with a name:
1622-1673
400 1# - SEE FROM TRACING--PERSONAL NAME
- Personal name:
Moriēru,
- Dates associated with a name:
1622-1673
400 1# - SEE FROM TRACING--PERSONAL NAME
400 1# - SEE FROM TRACING--PERSONAL NAME
400 1# - SEE FROM TRACING--PERSONAL NAME
- Personal name:
מולייר, ב׳אן בטיסט
400 1# - SEE FROM TRACING--PERSONAL NAME
- Personal name:
מולייר, פ.
400 1# - SEE FROM TRACING--PERSONAL NAME
- Personal name:
מולייר,
- Dates associated with a name:
1622־1673
400 1# - SEE FROM TRACING--PERSONAL NAME
400 1# - SEE FROM TRACING--PERSONAL NAME
400 1# - SEE FROM TRACING--PERSONAL NAME
- Personal name:
莫里哀,
- Dates associated with a name:
1622-1673
400 1# - SEE FROM TRACING--PERSONAL NAME
- Personal name:
モリエール,
- Dates associated with a name:
1622-1673
670 ## - SOURCE DATA FOUND
- Source citation:
His L'avare, 1674:
- Information found:
t.p. (I.B.P. de Moliere)
670 ## - SOURCE DATA FOUND
- Source citation:
His La jalousie du Barbouille, 1984:
- Information found:
t.p. (J.-B. P. de Molière)
670 ## - SOURCE DATA FOUND
- Source citation:
Falik, I︠U︡.A. Plutni skapena, 1987:
- Information found:
t.p. (po komedii Zh.-B. Molʹera)
670 ## - SOURCE DATA FOUND
- Source citation:
His ha-Ḳamtsan, 1962:
- Information found:
t.p. (Molyer [voc.])
670 ## - SOURCE DATA FOUND
- Source citation:
His Ho Molieros stē Phanariōtikē paideia, 1988.
670 ## - SOURCE DATA FOUND
- Source citation:
His Merakı̂, 1928:
- Information found:
t.p. (Moliyer)
670 ## - SOURCE DATA FOUND
- Source citation:
Bulgakov, M. Zhiznʹ gospodina de Molʹera, 1991:
- Information found:
cover (Molʹer)
670 ## - SOURCE DATA FOUND
- Source citation:
Yi, I.S. Chʻukche rŭl hyanghan hŭigŭk, 1992:
- Information found:
p. 11 (Mollierŭ : Molière)
670 ## - SOURCE DATA FOUND
- Source citation:
Der Birger- der edlman, 1934:
- Information found:
t.p. (Zshan Poḳlen Molyer) p. 4 of cover (Zhan Molʹer [in Cyrillic]; Z︠H︡an Molʹi︠e︡r [in Cyrillic])
670 ## - SOURCE DATA FOUND
- Source citation:
Ningengirai, 1961:
- Information found:
t.p. (モリエール = Moriēru)